| 000 | 01177cab a2200313 4500 | ||
|---|---|---|---|
| 001 | ABS59096 | ||
| 008 | 090401t1998 xxu||||| |||| 00| 0 eng d | ||
| 035 | _a(Sirsi) u87696 | ||
| 041 | _aeng | ||
| 100 | _aWignall, G. | ||
| 245 | _aHandling party wall disputes | ||
| 260 | _c1998 | ||
| 350 | _a0 | ||
| 490 |
_aSolicitors` Journal _v142(27) 10 July 1998, 650-651(2) |
||
| 520 | _aConsiders the provisions of the Party Walls Act 1996, which has extended the rules existing under the London Building (Amendment) Acts 1939, to cover the whole of England and Wales. Discusses the types of structures covered by the Act, the owners` rights and duties, notice procedure, failure to comply with the provisions of the Act and, dispute resolution. | ||
| 650 | _aDISPUTES | ||
| 650 | _aGYLE-THOMPSON V WALL ST (PROPERTIES) LTD | ||
| 650 | _aLEHMANN V HERMANN | ||
| 650 | _aLOIS V SADIQ | ||
| 650 | _aLONDON BUILDING (AMENDMENT) ACTS 1939 | ||
| 650 | _aNOTICES | ||
| 650 | _aOWNERS | ||
| 650 | _aPARTY STRUCTURES | ||
| 650 | _aPARTY WALL ETC ACT 1996 | ||
| 650 |
_aParty walls _96258 |
||
| 690 | _aPROPERTY LAW AND PRACTICE | ||
| 942 | _n0 | ||
| 948 | _c29/07/1998 | ||
| 999 |
_c55328 _d55328 |
||